Statistics for Teams That Have Played One Season in the English Top Flight

Click here to take the quiz!

General Stats

  • This quiz has been taken 229 times
  • The average score is 3 of 6

Answer Stats

SeasonClub% Correct
1993–94Swindon Town
84%
1997–98Barnsley
66%
1974–75Carlisle United
45%
1965–66Northampton Town
41%
1962–63Leyton Orient
39%
1899–1900Glossop
18%

Score Distribution

Percentile by Number Answered

Percent of People with Each Score

Your Score History

You have not taken this quiz